| Tag |
First Indicator |
Second Indicator |
Subfields |
| LEADER |
00000cam a22000001a 4500 |
| 001 |
in00003172321 |
| 006 |
m d f |
| 007 |
cr bn mmmapmmp |
| 008 |
090613s1913 dcu o f000 0 eng d |
| 005 |
20260511183743.4 |
| 035 |
|
|
|a cis2007405195
|
| 040 |
|
|
|a UMI
|c UMI
|d UtOrBLW
|
| 043 |
|
|
|a n-us---
|
| 086 |
0 |
|
|a Y 4.El 2/2:C 21
|
| 099 |
|
|
|a HRG-1913-ENA-0002
|
| 110 |
1 |
|
|a United States.
|b Congress.
|b House.
|b Committee on Elections No. 1.
|
| 245 |
1 |
0 |
|a Statement of Parties and Attorneys in Case of Claude S. Carney v. John M. C. Smith from the Third District of the State of Michigan :
|b hearings before the United States House Committee on Elections No. 1, Sixty-Third Congress, first session, on Dec. 5, 6, 8, 9, 1913.
|
| 264 |
|
1 |
|a Washington :
|b U.S. G.P.O.,
|c 1913.
|
| 300 |
|
|
|a 1 online resource.
|
| 336 |
|
|
|a text
|b txt
|2 rdacontent
|
| 337 |
|
|
|a computer
|b c
|2 rdamedia
|
| 338 |
|
|
|a online resource
|b cr
|2 rdacarrier
|
| 500 |
|
|
|a Record is based on bibliographic data in ProQuest Congressional Hearings Digital Collection. Reuse except for individual research requires license from ProQuest, LLC.
|
| 538 |
|
|
|a System requirements: PDF reader software.
|
| 500 |
|
|
|a Electronic resource.
|
| 650 |
|
0 |
|a Contested elections
|z Michigan.
|
| 655 |
|
7 |
|a Electronic books.
|2 local
|
| 710 |
2 |
|
|a ProQuest (Firm)
|
| 776 |
0 |
8 |
|i Print version:
|a United States. Congress. House. Committee on Elections No. 1.
|t Statement of Parties and Attorneys in Case of Claude S. Carney v. John M. C. Smith from the Third District of the State of Michigan
|
| 776 |
0 |
8 |
|i Microfiche version:
|a United States. Congress. House. Committee on Elections No. 1.
|t Statement of Parties and Attorneys in Case of Claude S. Carney v. John M. C. Smith from the Third District of the State of Michigan.
|d [Bethesda, Md.] : ProQuest,[2004]
|o CIS Hrgs MF Gp 4--(63) HEl No.1-1
|w (ProQuest)cis10106240
|
| 830 |
|
0 |
|a U.S. Congressional Hearings.
|
| 856 |
4 |
0 |
|u http://proxy.library.tamu.edu/login?url=https://congressional.proquest.com/congcomp/getdoc?HEARING-ID=HRG-1913-ENA-0002
|z Connect to the full text of this electronic book
|t 0
|
| 998 |
|
|
|a cis10106240
|
| 999 |
|
|
|a MARS
|
| 999 |
f |
f |
|s 5999f499-0bcb-39f9-b077-4b4aa1859b20
|i 660a0e18-5926-3fe2-a7ad-05560d2db512
|t 0
|
| 952 |
f |
f |
|a Texas A&M University
|b College Station
|c Electronic Resources
|s www_evans
|d Available Online
|t 0
|e HRG-1913-ENA-0002
|h Other scheme
|
| 998 |
f |
f |
|a HRG-1913-ENA-0002
|t 0
|l Available Online
|